| 000 | 00930pam a22003134a 4500 | ||
|---|---|---|---|
| 005 | 20260322212042.0 | ||
| 007 | data | ||
| 008 | data | ||
| 010 | _a 2003050142 | ||
| 020 | _a0781739063 | ||
| 020 | _a9780781739061 | ||
| 040 |
_aDNLM _cDNLM |
||
| 041 | 0 | 9 | _aeng |
| 042 | _apcc | ||
| 044 | _9United States | ||
| 060 | 1 | 0 |
_aWY 100 _bC294n 2004 |
| 100 | 1 | _aCarpenito-Moyet, Lynda Juall. | |
| 245 | 1 | 0 |
_aNursing care plans & documentation : _bnursing diagnoses and collaborative problems / _cLynda Juall Carpenito-Moyet. |
| 246 | 3 | _aNursing care plans and documentation | |
| 250 | _a4th ed. | ||
| 260 |
_aPhiladelphia : _bLippincott Williams & Wilkins, _cc2004. |
||
| 300 |
_axvii, 1102 p. : _bill. |
||
| 504 | _aIncludes bibliographical references (p. 1051-1071) and indexes. | ||
| 530 | _aAlso issued online. | ||
| 650 | 1 | 2 | _aPatient Care Planning |
| 650 | 2 | 2 | _aNursing Process |
| 650 | 2 | 2 | _aNursing Records |
| 001 | data | ||
| 999 |
_c995 _d995 |
||